Microsoft Office 365 - Exchange Online Implementation and Migration - Second Edition /

Plan and execute a successful Office 365 Exchange Online migration with ease About This Book This book gives you the most up-to-date and accurate information available today on online migration with Microsoft Office 365 Discover the very best migration path for your small or enterprise network and a...

Full description

Bibliographic Details
Main Authors: Waters, Ian (Author), Greve, David (Author), Strant, Loryan (Author)
Corporate Author: Safari, an O'Reilly Media Company
Format: eBook
Language:English
Published: Packt Publishing, 2016.
Edition:2nd edition.
Subjects:
Online Access:Connect to this electronic resource

MARC

Tag First Indicator Second Indicator Subfields
LEADER 00000uam a2200000 a 4500
001 in00004251007
005 20260128221803.5
006 m o d
007 cr cn
008 010916s2016 xx o eng
020 |z 9781784395520 
020 |z 9781784394899 
035 |a (CaSebORM)9781784395520 
040 |d UtOrBLW 
041 0 |a eng 
100 1 |a Waters, Ian,  |e author.  |0 http://id.loc.gov/authorities/names/nb2008026918 
245 1 0 |a Microsoft Office 365 - Exchange Online Implementation and Migration - Second Edition /  |c Waters, Ian. 
250 |a 2nd edition. 
264 1 |b Packt Publishing,  |c 2016. 
300 |a 1 online resource (446 pages) 
336 |a text  |b txt  |2 rdacontent 
337 |a computer  |b c  |2 rdamedia 
338 |a online resource  |b cr  |2 rdacarrier 
347 |a text file 
520 |a Plan and execute a successful Office 365 Exchange Online migration with ease About This Book This book gives you the most up-to-date and accurate information available today on online migration with Microsoft Office 365 Discover the very best migration path for your small or enterprise network and avoid costly mistakes Learn from seasoned professionals who migrate small businesses to multinational companies from around the world on a daily basis Who This Book Is For If you are an appointed IT person or an IT administrator who is part of a large internal team in your organization, then this book is for you. If you are a small business owner, manager, or consultant, this book will also help you. Knowledge of Office 365 is not required. However, experience with Exchange Server and mail clients, and role and delegation concepts is required. What You Will Learn Sign up for an Office 365 account and configure your e-mail domains Migrate mailboxes from Exchange server, Google, and any other POP3 or IMAP based system in to Office 365 Configure a hybrid configuration by using Azure AD Connect to synchronize your on-premises Active Directory with Office 365 Deploy Active Directory Federation Services (AD FS) to enable Single sign on and streamline the login process for your users Set up a hybrid Exchange configuration and host mailboxes locally or in the cloud and move mailboxes between the two with ease Configure a public folder hybrid and share existing on-premises public folders with users hosted in Exchange online Setup a hybrid Skype for Business (SFB) configuration and move users into SFB online Configure a SharePoint configuration, allowing users to create and search content hosted on an existing SharePoint server as well as in SharePoint online In Detail Organizations are migrating to the cloud to save money, become more efficient, and empower their users with the latest technology. Office 365 delivers all of this in a reliable, fast, and ever-expanding way, keeping you ahead of the competition. As the IT administrator of your network, you need to make the transition as painless as possible for your users. Learn everything you need to know and exactly what to do to ensure your Office 365 Exchange online migration is a success! This guide gives you everything you need to develop a successful migration plan to move from Exchange, Google, POP3, and IMAP systems to Office 365 with ease. We start by providing an overview of the Office 365 plans avail... 
533 |a Electronic reproduction.  |b Boston, MA :  |c Safari,  |n Available via World Wide Web. 
538 |a Mode of access: World Wide Web. 
542 |f Copyright © Packt Publishing 
588 |a Online resource; Title from title page (viewed August 30, 2016) 
500 |a Electronic resource. 
655 7 |a Electronic books.  |2 local 
700 1 |a Greve, David,  |e author.  |0 http://id.loc.gov/authorities/names/n2008027016 
700 1 |a Strant, Loryan,  |e author. 
710 2 |a Safari, an O'Reilly Media Company. 
856 4 0 |u https://proxy.library.tamu.edu/login?url=https://go.oreilly.com/TAMU/library/view/-/9781784395520/?ar  |z Connect to this electronic resource  |t 0 
999 f f |s 0e0a0049-6c0b-3a6c-bc52-24c12e9d69cd  |i d55d1cdf-fba5-3091-8573-e21fc9429363  |t 0 
952 f f |a Texas A&M University  |b College Station  |c Electronic Resources  |s www_evans  |d Available Online  |t 0  |h No information provided 
998 f f |t 0  |l Available Online